| 000 | 01776nam0a2200373 4500 | ||
|---|---|---|---|
| 001 | RU\NLR\bibl\1888 | ||
| 005 | 20260406040948.0 | ||
| 010 | _a5-7868-0014-8 | ||
| 021 |
_aRU _b98-1213 _962 |
||
| 035 | _a(NLR Aleph) 000001789 | ||
| 090 |
_a2944 _c2944 |
||
| 100 | _a19980617d1997 |||y0rusy50 ca | ||
| 101 | 0 | _arus | |
| 102 | _aRU | ||
| 105 | _aa ||||||||| | ||
| 200 | 1 |
_aНа пороге жизни и смерти _eПравослав. точка зрения на свидетельства людей, переживших клин. смерть _e[По материалам миссион. листков храма Покрова Пресвятой Богородицы, Лос-Анджелес, США] _fСвящ. Александр Милеант |
|
| 210 |
_aСПб. _cСАТИСЪ _d1997 |
||
| 215 |
_a48 с. _d21 |
||
| 300 | _aНа обороте тит. л. авт.: прот. Александр Милеант | ||
| 320 | _aБиблиогр.: с. 48 и в подстроч. примеч. | ||
| 606 | 0 |
_aСмерть клиническая _jАтласы _91117471 _3RU\NLR\auth\66122580 |
|
| 606 | 0 |
_aЗагробная жизнь _xПравославная концепция _92074149 _3RU\NLR\auth\661249126 |
|
| 606 | 0 |
_aЖизнь _91150896 _3RU\NLR\auth\66141138 |
|
| 606 | 0 |
_aСмерть _9957389 _3RU\NLR\auth\6638056 |
|
| 686 | _aР252.223 | ||
| 686 | _aЭ372.24-422.27 | ||
| 700 | 0 |
_4070 _8rus _7ca _aАлександр _cМилеант, Александр _cархимандрит _f1938-2005 _3RU\NLR\auth\771438 _9111463 |
|
| 801 | 0 |
_aRU _bNLR _c19980617 _gPSBO |
|
| 801 | 1 |
_aRU _bNLR _c19980617 |
|
| 830 | _aАвт. раскрыт по каталогу | ||
| 852 |
_aNLR _j98-4/501 |
||
| 942 | _cBOOK | ||
| 980 | _aNB | ||